[Event "Charlesbourg Capablanca"]
[Site "Charlesbourg"]
[Date "2012.01.09"]
[Round "1"]
[White "Robitaille, Serge"]
[Black "Lessard, Claude"]
[Result "0-1"]
[WhiteElo "1680"]
[BlackElo "2035"]
[PlyCount "52"]
[EventDate "2012.01.09"]
[EventType "swiss"]
[EventRounds "5"]
[EventCountry "CAN"]
[SourceTitle "EXT 2022"]
[Source "ChessBase"]
[SourceDate "2021.10.06"]
[SourceVersion "1"]
[SourceVersionDate "2021.10.06"]
[SourceQuality "1"]

1. e4 c6 2. d4 d5 3. e5 Bf5 4. g4 Bg6 5. Bd3 Bxd3 6. Qxd3 e6 7. Nc3 Nd7 8. Nf3 c5 9. Be3 cxd4 10. Nxd4 Nxe5 11. Qb5+ Qd7 12. h3 a6 13. Qe2 Nc4 14. Bc1 Bc5 15. Nf5 0-0-0 16. Nxg7 Ne7 17. 0-0 h5 18. Nxh5 e5 19. Nf6 Qe6 20. Nfxd5 Rxh3 21. Qxc4 Kb8 22. Qe4 Rg8 23. g5 Rgh8 24. Nf6 Rh1+ 25. Qxh1 Rxh1+ 26. Kxh1 Qh3+ 0-1

[Event "Charlesbourg op1"]
[Site "Charlesbourg"]
[Date "2004.06.14"]
[Round "2"]
[White "Lessard, Claude"]
[Black "Robitaille, Serge"]
[Result "1-0"]
[WhiteElo "2074"]
[BlackElo "1632"]
[PlyCount "57"]
[EventDate "2004.06.07"]
[EventType "swiss"]
[EventRounds "5"]
[EventCountry "CAN"]
[SourceTitle "EXT 2006"]
[Source "ChessBase"]
[SourceDate "2005.11.24"]
[SourceVersion "1"]
[SourceVersionDate "2005.11.24"]
[SourceQuality "1"]

1. d4 f5 2. e4 fxe4 3. f3 Nf6 4. Bg5 d5 5. Bxf6 exf6 6. fxe4 dxe4 7. Bc4 Bd6 8. Ne2 Qe7 9. Nbc3 c6 10. Qd2 b5 11. Bb3 a5 12. a4 b4 13. Nd1 Na6 14. Ne3 Bd7 15. 0-0 0-0-0 16. Nf5 Bxf5 17. Rxf5 Qc7 18. h3 Nc5 19. Qe3 Nxb3 20. cxb3 Rhe8 21. Rc1 Qb6 22. Rb5 Qa7 23. Rxc6+ Kd7 24. Rbb6 Bc7 25. Ra6 Qb7 26. Qf2 Qxc6 27. Qf5+ Qe6 28. Rxe6 Rxe6 29. d5 1-0